00309 a2200097 45001000026000002450082000262600026001083000011001346500049001459990017001941 aLevinsohn, Stephen H.00cStephen H. LevinsohnaDiscourse features of New Testament Greekba coursebook aDallas:bSIL.,c1992. a222 p. 4aGREEK LANGUAGExBIBLICAL, DISCOURSE ANALYSIS c63461d63435